| 000 | 01209nam a22003497a 4500 | ||
|---|---|---|---|
| 003 | CHAP | ||
| 005 | 20240731134150.0 | ||
| 008 | 971013s1977 r 00010 d | ||
| 010 | _a52766 | ||
| 011 | _a53738 | ||
| 035 | _a57888 | ||
| 040 | _cCHAP | ||
| 082 |
_a576 _bR68Y 1976 |
||
| 100 | 1 | 0 |
_aRose, Anthony H. _9100071 |
| 245 | _aMicrobiología química ; introducción a la fisiología microbiana | ||
| 260 |
_aMadrid : _bAlhambra, _c1977 |
||
| 300 |
_a522 p. _b: ilus. ; gráfs. |
||
| 490 |
_aExedra _v; 28 |
||
| 500 | _aTrad. de la 3 ed. en inglés de 1976 | ||
| 590 |
_aBATCH-UPD _b10 _c20130110 _lUCH01 _h0718 |
||
| 590 |
_aBATCH-UPD _b10 _c20130410 _lUCH01 _h0402 |
||
| 590 |
_aBATCH-UPD _b10 _c20130914 _lUCH01 _h1817 |
||
| 590 |
_aCONVERSION _b10 _c20130109 _lUCH01 _h1329 |
||
| 650 | 1 | 4 |
_aMicrobiología. _975490 |
| 650 | 1 | 4 |
_aMicroorganismos. _975519 |
| 830 | 0 |
_aExedra _v; 28 _939042 |
|
| 901 | _aBK | ||
| 942 | _cLIBRO | ||
| 949 |
_a576 R68Y 1976 _bBC _cLIBRO _d33724000398194 _eLIBRO _fc.3 _h48472 _i57888 _si _t465.00 |
||
| 949 |
_a576 R68Y 1976 _bBC _cLIBRO _d33724000461968 _eLIBRO _fc.2 _h48471 _i57888 _si _t465.00 |
||
| 949 |
_a576 R68Y 1976 _bBC _cLIBRO _d33724000947123 _eLIBRO _h48470 _i57888 _si _t465.00 |
||
| 999 |
_c52766 _d52766 |
||